[Event "EU-ch U12 26th"]
[Site "Prague"]
[Date "2016.08.27"]
[Round "9"]
[White "Spada, Dario"]
[Black "Berezovsky, Jonathan"]
[Result "1-0"]
[WhiteElo "1132"]
[BlackElo "1164"]
[PlyCount "94"]
[EventDate "2016.08.18"]
[EventType "swiss"]
[EventRounds "9"]
[EventCountry "CZE"]
[SourceTitle "CBM 174 Extra"]
[Source "ChessBase"]
[SourceDate "2016.10.10"]
[SourceVersion "1"]
[SourceVersionDate "2016.10.10"]
[SourceQuality "1"]

1. d4 Nf6 2. Nf3 g6 3. c4 e6 4. Nc3 Bb4 5. Bd2 Bxc3 6. Bxc3 0-0 7. e3 d6 8. Bd3 Nbd7 9. 0-0 c5 10. Qc2 b6 11. Rad1 Qc7 12. Rfe1 Re8 13. e4 e5 14. d5 Bb7 15. b3 Rad8 16. Qb2 a6 17. Nd2 Rb8 18. Qa1 Ba8 19. f4 b5 20. Rf1 Nb6 21. fxe5 Nfd7 22. exd6 Qxd6 23. cxb5 axb5 24. Rf2 Ne5 25. Bxb5 Re7 26. Bxe5 Rxe5 27. Bc4 Rh5 28. h3 Bb7 29. Qf6 Qxf6 30. Rxf6 Kg7 31. Rdf1 Nxc4 32. Rxf7+ Kh6 33. Nxc4 Ba6 34. Rd1 Rd8 35. d6 Rh4 36. Re7 Bb5 37. d7 Bxd7 38. Rdxd7 Rxd7 39. Rxd7 Rxe4 40. Rd5 Re2 41. Rxc5 Rxa2 42. b4 Ra1+ 43. Kh2 Kg7 44. b5 Rb1 45. Nd6 Kf6 46. Rc6 Ke7 47. b6 Rh1+ 1-0

[Event "EU-ch U12 26th"]
[Site "Prague"]
[Date "2016.08.25"]
[Round "7"]
[White "Berezovsky, Jonathan"]
[Black "Tajovsky, Matej"]
[Result "0-1"]
[WhiteElo "1164"]
[BlackElo "1584"]
[PlyCount "34"]
[EventDate "2016.08.18"]
[EventType "swiss"]
[EventRounds "9"]
[EventCountry "CZE"]
[SourceTitle "CBM 174 Extra"]
[Source "ChessBase"]
[SourceDate "2016.10.10"]
[SourceVersion "1"]
[SourceVersionDate "2016.10.10"]
[SourceQuality "1"]

1. Nf3 c5 2. g3 d5 3. e3 Nf6 4. Bg2 g6 5. 0-0 Bg7 6. d4 Nbd7 7. Bd2 0-0 8. Qe2 b6 9. Rd1 Bb7 10. Na3 c4 11. Nxc4 Ba6 12. b3 dxc4 13. bxc4 Rc8 14. e4 Bxc4 15. Qe3 Ng4 16. Qf4 h5 17. e5 Bd5 0-1

[Event "EU-ch U12 26th"]
[Site "Prague"]
[Date "2016.08.19"]
[Round "2"]
[White "Berezovsky, Jonathan"]
[Black "Hajpek, Erik"]
[Result "0-1"]
[WhiteElo "1164"]
[BlackElo "1701"]
[PlyCount "62"]
[EventDate "2016.08.18"]
[EventType "swiss"]
[EventRounds "9"]
[EventCountry "CZE"]
[SourceTitle "CBM 174 Extra"]
[Source "ChessBase"]
[SourceDate "2016.10.10"]
[SourceVersion "1"]
[SourceVersionDate "2016.10.10"]
[SourceQuality "1"]

1. Nf3 d5 2. g3 Nf6 3. Bg2 c5 4. 0-0 Nc6 5. c3 e6 6. d4 Bd6 7. Bg5 h6 8. Bxf6 Qxf6 9. Qd2 Bd7 10. Na3 a6 11. Rfd1 c4 12. Re1 0-0 13. e4 Bc7 14. e5 Qd8 15. Nc2 f6 16. Rad1 fxe5 17. Nxe5 Nxe5 18. dxe5 Bb6 19. Rb1 Be8 20. Nd4 Bf7 21. Qf4 Bg6 22. Qg4 Bxd4 23. cxd4 Bf5 24. Qh5 Bxb1 25. Rxb1 Kh7 26. Bh3 Qb6 27. f4 Qxd4+ 28. Kg2 Qe4+ 29. Kf2 Qxb1 30. Bxe6 Qxb2+ 31. Ke3 Qb6+ 0-1